[Event "Charleston op"]
[Site "Charleston"]
[Date "2004.02.27"]
[Round "1"]
[White "Frazier, Ian"]
[Black "Dennison, Jerry"]
[Result "0-1"]
[WhiteElo "100"]
[BlackElo "1750"]
[PlyCount "78"]
[EventDate "2004.02.27"]
[EventType "swiss"]
[EventRounds "5"]
[EventCountry "USA"]
[EventCategory "1"]
[SourceTitle "EXT 2006"]
[Source "ChessBase"]
[SourceDate "2005.11.24"]
[SourceVersion "1"]
[SourceVersionDate "2005.11.24"]
[SourceQuality "1"]

1. d4 Nf6 2. c4 e6 3. e3 Bb4+ 4. Nc3 Ne4 5. Nge2 Nc6 6. f3 Bxc3+ 7. bxc3 Nf6 8. Nf4 0-0 9. d5 Ne7 10. Be2 e5 11. Nd3 e4 12. fxe4 Nxe4 13. 0-0 Nxc3 14. Qe1 Nxe2+ 15. Qxe2 d6 16. Bb2 Ng6 17. Rab1 Qg5 18. Bd4 b6 19. a4 Bf5 20. e4 Rae8 21. Rxf5 Qxf5 22. Re1 Qd7 23. Qb2 f6 24. Re3 Ne5 25. Qe2 Qxa4 26. Nf4 Qxc4 27. Qd1 Qb5 28. Ne6 Rf7 29. Rg3 c5 30. Rb3 Qa4 31. Bb2 c4 32. Qd4 Qxb3 33. Qf2 Qd1+ 34. Qf1 Qxf1+ 35. Kxf1 Nd3 36. Bd4 Rfe7 37. Ke2 Rxe6 38. dxe6 Rxe6 39. Ke3 d5 0-1